000 00631nam a2200253 a 4500
001 0001-1225
003 ELIB.Books
008 150529 2010 eng
020 _aKBTS
035 _a(ELIB.Books)0001-1380
092 _aJ
_bNgu
100 _aNgun Ling, Samuel.
245 _aTheological Education and Dialogue
250 _aEngament
260 _aMIT
_bJudson Research Center
_c2006
300 _a3-11
_c25 Cm
500 _aJournal
650 _aTheological Education
856 _nKBTS: Library
_uKBTS: Elib
942 _2ddc
_cBK
990 _a1
998 _cbat
_e2015-05-29
999 _c11225
_d11225